Actors who worked with Sam Mendes - Statistics

General Stats
  • This quiz has been taken 18 times
  • The average score is 19 of 80
Answer Stats
Films Answer % Correct
Skyfall, Spectre, Road to Perdition Daniel Craig
100%
Jarhead Jake Gyllenhaal
70%
Skyfall Javier Bardem
70%
Skyfall Judi Dench
70%
American Beauty Kevin Spacey
70%
Skyfall, Spectre Ralph Fiennes
70%
1917 Benedict Cumberbatch
60%
Spectre Léa Seydoux
60%
Spectre Dave Bautista
50%
Revolutionary Road Kate Winslet
50%
Revolutionary Road Leonardo DiCaprio
50%
Away We Go Maggie Gyllenhaal
50%
Road to Perdition Paul Newman
50%
Road to Perdition Tom Hanks
50%
Skyfall, Spectre Ben Whishaw
40%
Spectre Christoph Waltz
40%
1917 George MacKay
40%
Road to Perdition Jude Law
40%
Skyfall, Spectre Naomie Harris
40%
American Beauty Annette Bening
30%
American Beauty Chris Cooper
30%
Jarhead Chris Cooper
30%
Jarhead Jamie Foxx
30%
Revolutionary Road Kathryn Hahn
30%
1917 Mark Strong
30%
Skyfall Albert Finney
20%
Spectre, 1917 Andrew Scott
20%
1917, Empire of Light Colin Firth
20%
Road to Perdition Jennifer Jason Leigh
20%
Revolutionary Road Kathy Bates
20%
Revolutionary Road Michael Shannon
20%
Spectre Monica Bellucci
20%
Empire of Light Olivia Colman
20%
Jarhead Peter Sarsgaard
20%
Skyfall, Spectre Rory Kinnear
20%
Road to Perdition Tyler Hoechlin
20%
American Beauty Wes Bentley
20%
Cabaret Adam Godley
10%
1917 Adrian Scarborough
10%
American Beauty Allison janney
10%
Skyfall Bérénice Marlohe
10%
Away We Go Carmen Ejogo
10%
Away We Go Catherine O'Hara
10%
Away We Go Chris Messina
10%
Road to Perdition Ciarán Hinds
10%
1917 Claire Duburcq
10%
1917 Daniel Mays
10%
Revolutionary Road David Harbour
10%
1917 Dean-Charles Chapman
10%
Revolutionary Road, Road to Perdition Dylan Baker
10%
Skyfall Helen McCrory
10%
1917 Jamie Parker
10%
Cabaret Jane Horrocks
10%
Away We Go Jeff Daniels
10%
Spectre Jesper Christensen
10%
American Beauty John Cho
10%
Jarhead, Away We Go John Krasinski
10%
Away We Go Josh Hamilton
10%
Road to Perdition Liam Aiken
10%
Revolutionary Road Max Baker
10%
Away We Go Maya Rudolph
10%
Away We Go Melanie Lynskey
10%
American Beauty Mena Suvari
10%
Empire of Light Micheal Ward
10%
American Beauty Peter Gallagher
10%
1917 Richard Madden
10%
Revolutionary Road Ryan Simpkins
10%
American Beauty Sam Robards
10%
Cabaret Sara Kestelman
10%
American Beauty Scott Bakula
10%
Jarhead Scott MacDonald
10%
Road to Perdition Stanley Tucci
10%
American Beauty Thora Birch
10%
Empire of Light Toby Jones
10%
Revolutionary Road Ty Simpkins
10%
Revolutionary Road Zoe Kazan
10%
Cabaret Alan Cummung
0%
Jarhead Dennis Haysbert
0%
Away We Go Jim Gaffigan
0%
Revolutionary Road Max Casella
0%
No matching quizzes found
Score Distribution
Percent of People with Each Score
Percentile by Number Answered
Your Score History
You have not taken this quiz